| 000 | 02019nam a2200409 c 4500 | ||
|---|---|---|---|
| 003 | BLK | ||
| 005 | 20231118111432.0 | ||
| 008 | 180407b bul|||||r ||||||| ||bul|| | ||
| 010 | _aKNG00033254000 | ||
| 020 |
_a954-528-172-3 _bиздат.: Труд - (Труд) |
||
| 020 |
_a954-733-139-6 _bиздат.: Прозорец - (Прозорец) |
||
| 040 | _aBLK | ||
| 041 |
_aBUL _cBUL |
||
| 080 |
_aОснови на математиката в основното образование _b372.47 _x(075.2) _z372.47(075.2) |
||
| 100 | 1 |
_aЗлатилов, Веселин _eпърви автор _gСтамов, Веселин Златилов _9366562 |
|
| 700 | 1 |
_aТонова, Таня _e* _9270950 |
|
| 700 | 1 |
_aЦветкова, Илиана Иванова _e* _9270951 |
|
| 700 | 1 |
_aПанделиева, Валерия _e* _9366563 |
|
| 139 |
_aМатематическа читанка _bМ 39 |
||
| 245 | 1 | 0 |
_aМатематическа читанка _bУч. пособие за IV кл. _cВеселин Златилов; * Таня Тонова; * Илиана Иванова Цветкова; * Валерия Панделиева. |
| 257 | _aBGR | ||
| 260 |
_аСофия _bТруд _bПрозорец _c2000 _fСофия : ПК Д. Благоев |
||
| 300 |
_a208 с. _bс ил., сх., черт. _c24 см |
||
| 380 | _a3 | ||
| 490 | 1 | _aБиблиотека Познание | |
| 500 | _aДруги авт. : Т. Тонова, И. Цветкова, В. Панделиева. - Библиогр. с. 207. - Офс. изд. - Доп. тир. 2005. | ||
| 650 | 4 |
_aМатематика - задачи - учебници за основни училища _9242716 |
|
| 653 | _aматематика | ||
| 653 | _aучебници за основни училища | ||
| 653 | _aІV кл. | ||
| 852 | _aЦб 205403 | ||
| 856 | 4 |
_qpdf _u |
|
| 856 | 4 |
_qpdf _u |
|
| 942 |
_cKNG _n0 _04 |
||
| 944 |
_aCR _c15.01.2003 _lГеновева Генчева _k30560 |
||
| 944 |
_aED _c10.04.2013 _lф / _k |
||
| 999 |
_c30618 _d30618 |
||